| 000 | 00634cam a22002291 4500 | ||
|---|---|---|---|
| 001 | sa 68006313 | ||
| 003 | DLC | ||
| 005 | 20260227112515.0 | ||
| 008 | 890811s1967 ii ac 000 0 urdr | ||
| 010 | _asa 68006313 | ||
| 035 | _a(OCoLC)20162079 | ||
| 040 |
_aDLC _cWaU _dDLC |
||
| 042 | _apremarc | ||
| 050 | 0 | 0 |
_aPK2199.S453 _bZ7 |
| 100 | 1 |
_aḤanfī, Muẓaffar, _d1936- |
|
| 245 | 1 | 0 | _aEk thā shāʻir, Shād ʻĀrifī. |
| 260 | _c[1967] | ||
| 300 |
_a850 p. _billus., ports. _c19 cm. |
||
| 500 | _aIn Urdu. | ||
| 600 | 2 | 0 |
_aShād Arifi, Ahmad Ali Khan Laddan, _d1903? |
| 700 | 2 |
_aShād Arifi, Ahmad Ali Khan Laddan, _d1903? |
|
| 999 |
_c81244 _d81244 |
||